00393pab a2200145 454500008004000000100002100040245006900061260000900130300001400139362000800153650001100161700001900172700001800191773003800209180718b2009 xxu||||| |||| 00| 0 eng d aGreenhill, Brian aTrade-based diffusion of labor rights: a panel study, 19860-2002 c2009 ap.669-90. aNov aLabour aAseem, Prakash aMosley, Layna aAmerican Political Science Review